000 00347 a2200157 4500
001 193177
020 _a978-85-16-06947-6
040 _cMagnum
100 _aMachado, Ana Maria
240 1 0 _aDorotéia, a centopéia
_lpor
245 1 0 _aDorotéia, a centopéia
300 _a29
362 0 _a2011
697 _aLITERATURA INFANTO
942 _cBK
999 _c193177
_d193177